Countries beginning with "T" - Statistics

General Stats
  • This quiz has been taken 1,593 times
    1,587 since last reset
  • The average score is 8 of 11
Answer Stats
Hint Answer % Correct
Turkey
86%
Thailand
80%
Turkmenistan
80%
Tanzania
76%
Togo
73%
Taiwan
69%
Tajikistan
69%
Tonga
69%
Tunisia
68%
Trinidad and Tobago
66%
Tuvalu
64%
No matching quizzes found
Score Distribution
Percent of People with Each Score
Percentile by Number Answered
Your Score History
You have not taken this quiz since the last reset